Groups of Six #2 - Statistics

General Stats
  • This quiz has been taken 590 times
  • The average score is 18 of 54
Answer Stats
Hint Answer % Correct
Most Spoken Languages English
92%
Most Spoken Languages Spanish
90%
Most Spoken Languages Mandarin
85%
Things Commenters Complain About {Australia} is a continent, not an island
78%
Most Spoken Languages Arabic
73%
Things Commenters Complain About {Burma} is called Myanmar
69%
Things Commenters Complain About {Greenland} is part of Denmark
67%
Most Spoken Languages Hindi
62%
Largest Airlines in the World American Airlines
59%
PEMDAS Steps Division
52%
PEMDAS Steps Addition
51%
PEMDAS Steps Multiplication
51%
PEMDAS Steps Subtraction
51%
Largest Airlines in the World Delta Air Lines
50%
Things Commenters Complain About {France}'s overseas departments aren't territories
49%
Most Spoken Languages Portuguese
48%
Things Commenters Complain About {Cyprus} is in Europe
43%
PEMDAS Steps Parenthesis
41%
Largest Airlines in the World United Airlines
41%
Things Commenters Complain About You don't need the FS before {Micronesia}
38%
Minecraft Trees Oak
37%
PEMDAS Steps Exponents
35%
Largest Airlines in the World Emirates
33%
SCHNOPs Elements Hydrogen
31%
SCHNOPs Elements Oxygen
31%
SCHNOPs Elements Carbon
30%
SCHNOPs Elements Nitrogen
30%
Minecraft Trees Birch
26%
Flavors of Quarks Down Quark
25%
Flavors of Quarks Up Quark
25%
Children on Modern Family Alex
24%
Children on Modern Family Manny
24%
SCHNOPs Elements Sulfur
24%
Children on Modern Family Lily
22%
Children on Modern Family Luke
22%
Largest Airlines in the World Southwest Airlines
22%
SCHNOPs Elements Phosphorus
21%
Children on Modern Family Hailey
20%
Flavors of Quarks Strange Quark
18%
Flavors of Quarks Bottom Quark
16%
Flavors of Quarks Top Quark
16%
Flavors of Quarks Charm Quark
15%
Minecraft Trees Dark Oak
14%
Children on Modern Family Joe
14%
Minecraft Trees Spruce
14%
Minecraft Trees Jungle
13%
Minecraft Trees Acacia
11%
French Overseas Territories French Polynesia
11%
French Overseas Territories St. Martin
11%
French Overseas Territories New Caledonia
10%
French Overseas Territories St. Pierre & Miquelon
6%
French Overseas Territories St. Barthelemy
3%
Largest Airlines in the World China Southern Airlines
2%
French Overseas Territories Wallis & Futuna
2%
No matching quizzes found
Score Distribution
Percent of People with Each Score
Percentile by Number Answered
Your Score History
You have not taken this quiz